000 00648nam a2200241Ia 4500
001 14703
003 GE_BSU
008 181216s||||||||xx |||||||||||||| ||und||
020 _a9994029460
040 _cGE_BSU
080 _a821.353.1-32
100 _aრჩეულიშვილი,გურამ
245 _aნელი ტანგო
245 _bმოთხრობები
260 _aთბილისი
260 _bსაარი
260 _c2005
300 _a144გვ.19სმ.
541 _h6ლ.80თ.
653 _aმოთხრობები
653 _aნელი ტანგო
942 _cBK
999 _c47829
_d47829